Peppa Pig's International Day - Statistics

General Stats
  • This quiz has been taken 279 times
  • The average score is 9 of 13
Answer Stats
Picture Answer % Correct
Russia
96%
Mexico
92%
France
86%
United States
83%
United Kingdom
78%
Japan
76%
Netherlands
68%
Australia
65%
Spain
65%
Greece
54%
Switzerland
54%
Germany
53%
South Africa
50%
No matching quizzes found
Score Distribution
Percent of People with Each Score
Percentile by Number Answered
Your Score History
You have not taken this quiz